000 01117cam a22003617a 4500
003 CHAP
005 20220817041304.0
008 971013s1987 r 00010 d
010 _a10438
011 _a11410
035 _a10648
040 _cCHAP
090 _aFolleto 11253
100 0 0 _aBaca Díaz, Antonio.
_99258
245 1 3 _aEl crédito agropecuario como instrumento de recuperación económica
260 _aMéxico, D. F. :
_bFIRA,
_c1987
300 _a24 p
410 _aFIRA
490 0 _aBoletin informativo
_v; 189
590 _aBATCH-UPD
_b10
_c20130109
_lUCH01
_h2350
590 _aBATCH-UPD
_b10
_c20130110
_lUCH01
_h0949
590 _aBATCH-UPD
_b10
_c20130409
_lUCH01
_h1922
590 _aBATCH-UPD
_b10
_c20130410
_lUCH01
_h0604
590 _aBATCH-UPD
_b10
_c20130914
_lUCH01
_h0514
590 _aCONVERSION
_b10
_c20130109
_lUCH01
_h1307
650 1 4 _aCrédito agrícola.
_929022
650 1 4 _aMéxico
_xCondiciones económicas.
810 _aFIRA
_941029
830 0 _aBoletin informativo
_v; 189
901 _aBK
942 _cFOLL
949 _aFolleto 11253
_bBC
_cFOLL
_d-22382
_eTS1
_i10648
_si
999 _c10438
_d10438